| 000 | 01212nam a22003377a 4500 | ||
|---|---|---|---|
| 003 | EG-ScBUE | ||
| 005 | 20220703153251.0 | ||
| 006 | m||||fq||h 00| 0 | ||
| 008 | 100602r20092006enka f 000 0 eng d | ||
| 020 | _a9780521672894 (pbk. : student’s bk. w / CD-ROM) | ||
| 040 |
_aEG-ScBUE _beng _erda _cEG-ScBUE _dEG-ScBUE |
||
| 082 | 0 | 4 |
_222 _a428.24071 _bBRO |
| 100 | 1 |
_914513 _aBrook-Hart, Guy, _eauthor. |
|
| 245 | 1 | 0 |
_aBusiness benchmark : _bBULATS edition Upper-intermediate, _pStudent's book / _cGuy Brook-Hart. |
| 246 | 3 | 0 | _aStudent's book |
| 250 | _aThird printing. | ||
| 264 | 1 |
_aCambridge : _bCambridge University Press, _c2009. |
|
| 300 |
_a184 pages : _billustrations (some color) ; _c28 cm + _e1 CD |
||
| 336 |
_2rdacontent _atext _btxt |
||
| 336 |
_2rdacontent _asounds _bsnd |
||
| 337 |
_2rdamedia _aunmediated _bn |
||
| 337 |
_2rdamedia _aaudio _bs |
||
| 338 |
_2rdacarrier _avolume _bnc |
||
| 338 |
_2rdacarrier _acomputer disc _bcd |
||
| 650 | 7 |
_914295 _aEnglish language _vTextbooks for foreign speakers. _2BUEsh |
|
| 650 | 7 |
_97783 _aEnglish language _xBusiness English _xStudy and teaching. _2BUEsh |
|
| 651 | _2BUEsh | ||
| 653 | _bHHUUEENN | ||
| 655 |
_vReading book _934232 |
||
| 942 |
_2ddc _cBB |
||
| 999 |
_c14045 _d14045 |
||